| 000 | 00753nam a2200241 u 4500 | ||
|---|---|---|---|
| 001 | 73139 | ||
| 005 | 20260504074515.0 | ||
| 008 | 960313s1990 spa | ||
| 020 | _a9788476154939 | ||
| 035 | _a73139 | ||
| 035 | _a(OCoLC)778204513 | ||
| 040 | _ccomduadb | ||
| 041 | _aspa | ||
| 082 | 4 | _a621 | |
| 100 | 1 | 0 |
_aPorras Criado, Alejandro _4aut _eaut _9481408 |
| 245 | 1 | 0 | _aAutómatas programables : fundamento, manejo, instalación y prácticas |
| 260 |
_aMedellín : _bMcGraw-Hill Interamericana, _c1990. |
||
| 300 |
_axi, 210 páginas : _bilustraciones |
||
| 650 |
_aControladores programables _916844 |
||
| 650 | 7 |
_aAutomatización _2lemb _91217 |
|
| 700 | 1 | 0 |
_aMontanero Molina, Antonio Placido _4aut _eaut _9481409 |
| 942 | _cBOOK | ||
| 999 |
_c38769 _d38769 |
||